DSP applications using C and the TMS320C6x DSK (E BOOK) (Record no. 208930)
[ view plain ]
| 000 -LEADER | |
|---|---|
| fixed length control field | 00744 a2200229 4500 |
| 003 - CONTROL NUMBER IDENTIFIER | |
| control field | Nust |
| 005 - DATE AND TIME OF LATEST TRANSACTION | |
| control field | 20170207164424.0 |
| 020 ## - INTERNATIONAL STANDARD BOOK NUMBER | |
| International Standard Book Number | 0-471-22112-0 |
| 020 ## - INTERNATIONAL STANDARD BOOK NUMBER | |
| International Standard Book Number | 978-0-471-22112-8 |
| 040 ## - CATALOGING SOURCE | |
| Transcribing agency | Nust |
| 082 ## - DEWEY DECIMAL CLASSIFICATION NUMBER | |
| Classification number | 621.382 |
| Author Mark | 2 |
| 082 ## - DEWEY DECIMAL CLASSIFICATION NUMBER | |
| Classification number | 621.382 |
| Author Mark | 2 |
| 100 1# - MAIN ENTRY--PERSONAL NAME | |
| Personal name | Chassaing, Rulph |
| 245 00 - TITLE STATEMENT | |
| Title | DSP applications using C and the TMS320C6x DSK (E BOOK) |
| Medium | [Elektronisk resurs] / |
| Statement of responsibility, etc. | Rulph Chassaing |
| 260 ## - PUBLICATION, DISTRIBUTION, ETC. | |
| Place of publication, distribution, etc. | New York : |
| Name of publisher, distributor, etc. | J. Wiley, |
| Date of publication, distribution, etc. | 2002 |
| 440 #0 - SERIES STATEMENT/ADDED ENTRY--TITLE | |
| Title | Topics in digital signal processing |
| 500 ## - GENERAL NOTE | |
| General note | E-book |
| 650 #0 - SUBJECT ADDED ENTRY--TOPICAL TERM | |
| Topical term or geographic name entry element | C (Computer program language) |
| 650 #0 - SUBJECT ADDED ENTRY--TOPICAL TERM | |
| Topical term or geographic name entry element | Signal processing |
| General subdivision | Digital techniques |
| 650 #0 - SUBJECT ADDED ENTRY--TOPICAL TERM | |
| Topical term or geographic name entry element | Texas Instruments TMS320 series microprocessors |
| 856 40 - ELECTRONIC LOCATION AND ACCESS | |
| Uniform Resource Identifier | <a href="http://www3.interscience.wiley.com/cgi-bin/booktoc?ID=93513875">http://www3.interscience.wiley.com/cgi-bin/booktoc?ID=93513875</a> |
| 942 ## - ADDED ENTRY ELEMENTS (KOHA) | |
| Source of classification or shelving scheme | |
| Koha item type | Book |
| Withdrawn status | Lost status | Source of classification or shelving scheme | Damaged status | Not for loan | Collection code | Permanent Location | Current Location | Date acquired | Total Checkouts | Full call number | Barcode | Date last seen | Price effective from | Koha item type |
|---|---|---|---|---|---|---|---|---|---|---|---|---|---|---|
| Military College of Signals (MCS) | Military College of Signals (MCS) | 12/12/2016 | 621.382 | MCSEB-1046 | 12/08/2016 | 12/12/2016 | Book |
